[Event "CAN-ch U10"]
[Site "Quebec"]
[Date "2018.07.03"]
[Round "3.109"]
[White "Ning, Eric"]
[Black "Ripley, Sam"]
[Result "1-0"]
[WhiteElo "2013"]
[BlackElo "1411"]
[PlyCount "87"]
[EventDate "2018.07.02"]
[EventType "swiss"]
[EventRounds "7"]
[EventCountry "CAN"]
[SourceTitle "EXT 2022"]
[Source "ChessBase"]
[SourceDate "2021.10.06"]
[SourceVersion "1"]
[SourceVersionDate "2021.10.06"]
[SourceQuality "1"]

1. d4 d5 2. c4 e6 3. Nc3 Nf6 4. cxd5 exd5 5. Bg5 Be7 6. e3 Bf5 7. Qb3 Nbd7 8. Nf3 Nb6 9. Be2 h6 10. Bf4 Bd6 11. Be5 c6 12. a4 Rb8 13. a5 Nc8 14. h3 Bxe5 15. Nxe5 Nd6 16. g4 Bh7 17. Qa4 0-0 18. a6 b5 19. Qb4 Rb6 20. f3 Qc7 21. h4 Nd7 22. Nxd7 Qxd7 23. Kf2 Re8 24. Nd1 Qe6 25. Ra3 Reb8 26. g5 Nf5 27. Bd3 h5 28. Bxf5 Bxf5 29. Nc3 Re8 30. Re1 Bg6 31. Kg3 Qc8 32. Ne2 Rxa6 33. Rxa6 Qxa6 34. Nf4 Qc8 35. Qd6 Rd8 36. Qc5 Qc7 37. Rc1 Rd6 38. Qxb5 Qb6 39. Qe2 Qb4 40. Qa6 Qb6 41. Qa3 Qc7 42. Qc5 Kh7 43. Ra1 Rd7 44. Ra6 1-0

[Event "Windsor NAYCC U08"]
[Site "Windsor"]
[Date "2016.08.09"]
[Round "5.168"]
[White "Ripley, Sam"]
[Black "Huang, Brian"]
[Result "0-1"]
[WhiteElo "829"]
[BlackElo "1783"]
[PlyCount "106"]
[EventDate "2016.08.07"]
[EventType "swiss"]
[EventRounds "9"]
[EventCountry "CAN"]
[SourceTitle "EXT 2022"]
[Source "ChessBase"]
[SourceDate "2021.10.06"]
[SourceVersion "1"]
[SourceVersionDate "2021.10.06"]
[SourceQuality "1"]

1. e4 c5 2. Nf3 d6 3. d4 cxd4 4. Nxd4 Nf6 5. Nc3 g6 6. Be3 Bg7 7. Bb5+ Bd7 8. Bxd7+ Nbxd7 9. Qd2 Ng4 10. 0-0-0 Nxe3 11. Qxe3 h5 12. Qe2 Qb6 13. Nb3 a5 14. Nd5 Qc6 15. Rhe1 Rc8 16. c3 Nc5 17. Nxc5 Qxc5 18. Qe3 Bh6 19. f4 Qxe3+ 20. Rxe3 e6 21. Rf3 exd5 22. Rxd5 0-0 23. Rxa5 Rfe8 24. Ra4 b5 25. Rd4 Rc4 26. Rxd6 Rcxe4 27. Rb6 Bxf4+ 28. Kc2 Re2+ 29. Kb3 Bc1 30. Rxb5 Rxb2+ 31. Kc4 Rc8+ 32. Rc5 Rxc5+ 33. Kxc5 Rxa2 34. c4 Rxg2 35. Rc3 Bb2 36. Rd3 Rxh2 37. Kd6 Rc2 38. c5 Bc1 39. c6 g5 40. Kd7 Bf4 41. Rd4 h4 42. Rxf4 gxf4 43. c7 f3 44. c8Q+ Rxc8 45. Kxc8 f2 46. Kd7 f1Q 47. Kd6 Qe2 48. Kd5 h3 49. Kd4 h2 50. Kc3 h1R 51. Kb3 Rc1 52. Kb4 Qb2+ 53. Ka4 Ra1# 0-1

[Event "CAN-ch U08"]
[Site "Windsor"]
[Date "2016.07.08"]
[Round "6.118"]
[White "Ripley, Sam"]
[Black "Yuen, Noah Nathaniel"]
[Result "0-1"]
[WhiteElo "697"]
[BlackElo "1072"]
[PlyCount "154"]
[EventDate "2016.07.05"]
[EventType "swiss"]
[EventRounds "7"]
[EventCountry "CAN"]
[SourceTitle "EXT 2022"]
[Source "ChessBase"]
[SourceDate "2021.10.06"]
[SourceVersion "1"]
[SourceVersionDate "2021.10.06"]
[SourceQuality "1"]

1. e4 c5 2. Nf3 Nc6 3. Nc3 d6 4. Bb5 Nf6 5. d3 e6 6. Bg5 Be7 7. 0-0 0-0 8. Bxc6 bxc6 9. e5 Nd5 10. Bxe7 Qxe7 11. Nxd5 cxd5 12. exd6 Qxd6 13. Ng5 h6 14. Nf3 Rb8 15. b3 d4 16. Qd2 Bb7 17. Qe2 Qc6 18. Rfc1 Rfe8 19. Kh1 e5 20. Rg1 e4 21. Nd2 exd3 22. Qxd3 Ba6 23. c4 dxc3 24. Qxc3 Rbd8 25. b4 Re2 26. Nf3 Rxf2 27. Qxc5 Qxc5 28. bxc5 Bb7 29. Rgf1 Rc2 30. Rac1 Rxa2 31. Ra1 Rxa1 32. Rxa1 Bxf3 33. gxf3 Rc8 34. Rxa7 Rxc5 35. Kg2 Rf5 36. Ra8+ Kh7 37. h4 Kg6 38. Ra6+ Rf6 39. Ra5 Rf4 40. Kg3 Rd4 41. h5+ Kf6 42. f4 Ke6 43. Kg4 Rd5 44. f5+ Ke5 45. Ra7 Kf6 46. Ra6+ Ke7 47. Kf4 Rd6 48. Ra5 Kf6 49. Re5 Rd4+ 50. Re4 Rxe4+ 51. Kxe4 Kg5 52. Ke5 Kxh5 53. Kf4 f6 54. Ke4 Kg5 55. Kf3 Kxf5 56. Kg3 g5 57. Kh3 g4+ 58. Kg3 Kg5 59. Kg2 Kf4 60. Kf2 h5 61. Kg2 h4 62. Kh2 Kf3 63. Kg1 h3 64. Kh1 Ke2 65. Kh2 f5 66. Kg3 f4+ 67. Kxg4 f3 68. Kxh3 f2 69. Kg2 f1Q+ 70. Kg3 Qf3+ 71. Kh4 Qg2 72. Kh5 Qg3 73. Kh6 Kf3 74. Kh5 Kf4 75. Kh6 Kf5 76. Kh7 Kf6 77. Kh8 Qg7# 0-1

[Event "CAN-ch U08"]
[Site "Windsor"]
[Date "2016.07.08"]
[Round "7.120"]
[White "Xu, Daniel"]
[Black "Ripley, Sam"]
[Result "1-0"]
[WhiteElo "1519"]
[BlackElo "697"]
[PlyCount "53"]
[EventDate "2016.07.05"]
[EventType "swiss"]
[EventRounds "7"]
[EventCountry "CAN"]
[SourceTitle "EXT 2022"]
[Source "ChessBase"]
[SourceDate "2021.10.06"]
[SourceVersion "1"]
[SourceVersionDate "2021.10.06"]
[SourceQuality "1"]

1. d4 d5 2. c4 e6 3. Nc3 Nf6 4. Bg5 Nbd7 5. Nf3 Bb4 6. e3 0-0 7. Bd3 Nb6 8. c5 Na4 9. Qxa4 Bxc3+ 10. bxc3 Bd7 11. Qc2 h6 12. Bxf6 Qxf6 13. Ne5 Be8 14. 0-0 Rd8 15. f4 Bd7 16. Rf3 Rfe8 17. Raf1 c6 18. Rg3 b5 19. Rff3 a5 20. Ng4 Qe7 21. Nxh6+ Kf8 22. Ng4 a4 23. Rh3 g6 24. Rh7 Ra8 25. Rfh3 f5 26. Rh8+ Kg7 27. R3h7# 1-0

[Event "CAN-ch U08"]
[Site "Windsor"]
[Date "2016.07.07"]
[Round "4.121"]
[White "Zheng, Leon"]
[Black "Ripley, Sam"]
[Result "0-1"]
[WhiteElo "604"]
[BlackElo "697"]
[PlyCount "66"]
[EventDate "2016.07.05"]
[EventType "swiss"]
[EventRounds "7"]
[EventCountry "CAN"]
[SourceTitle "EXT 2022"]
[Source "ChessBase"]
[SourceDate "2021.10.06"]
[SourceVersion "1"]
[SourceVersionDate "2021.10.06"]
[SourceQuality "1"]

1. e4 c5 2. Bc4 d6 3. Nf3 Nf6 4. d4 Nxe4 5. Nfd2 Nxd2 6. Bxd2 cxd4 7. Qf3 e6 8. 0-0 g6 9. Re1 d5 10. Bb5+ Bd7 11. Bxd7+ Nxd7 12. Qf4 Bg7 13. Bb4 d3 14. Re3 dxc2 15. Rf3 c1Q+ 16. Qxc1 Rc8 17. Qf4 f5 18. Nd2 Qc7 19. h3 Ne5 20. Rc3 Qd7 21. Rxc8+ Qxc8 22. Qg5 Nc6 23. Rc1 Qd8 24. Qe3 Qd7 25. a4 Nxb4 26. Nf3 0-0 27. Qxa7 Bxb2 28. Rd1 Ba3 29. Ra1 Nc2 30. Ne5 Qc7 31. Rd1 Qxe5 32. Qxb7 Bd6 33. Rd3 Qe1# 0-1

[Event "CAN-ch U08"]
[Site "Windsor"]
[Date "2016.07.06"]
[Round "3.117"]
[White "Ripley, Sam"]
[Black "Ning, Eric"]
[Result "0-1"]
[WhiteElo "697"]
[BlackElo "1634"]
[PlyCount "58"]
[EventDate "2016.07.05"]
[EventType "swiss"]
[EventRounds "7"]
[EventCountry "CAN"]
[SourceTitle "EXT 2022"]
[Source "ChessBase"]
[SourceDate "2021.10.06"]
[SourceVersion "1"]
[SourceVersionDate "2021.10.06"]
[SourceQuality "1"]

1. e4 c5 2. Nf3 Nc6 3. Nc3 Nf6 4. Bb5 g6 5. d3 Bg7 6. Be3 d6 7. Nd5 Nxd5 8. exd5 Qa5+ 9. Bd2 Qxb5 10. dxc6 Qxc6 11. Rb1 0-0 12. Qc1 Bg4 13. Ke2 e5 14. h3 Bxf3+ 15. gxf3 f5 16. Bh6 e4 17. fxe4 fxe4 18. h4 exd3+ 19. cxd3 Qf3+ 20. Ke1 Qxf2+ 21. Kd1 Rae8 22. Qd2 Qf3+ 23. Kc1 Qxh1+ 24. Kc2 Rf1 25. Rxf1 Qxf1 26. Kb3 Re2 27. Qg5 Rxb2+ 28. Kc4 Qf7+ 29. Qd5 Rb4# 0-1